000 00490nam a2200157Ia 4500
008 240729s9999 xx 000 0 und d
022 _a0719-2452
245 0 _aJournal of Natural Resources and Development
260 _aChile
260 _bPontificia Universidad Católica de Valparaíso
650 _a Environmental sciences
650 _aGeography. Anthropology. Recreation
856 _uhttps://doaj.org/toc/215b32874af44f91962d1b29996ff1cc
942 _2ddc
942 _cDOAJEJ
999 _c69615
_d69615
945 _a1
_bMadushi Gamage
_c1
_dMadushi Gamage